000
00306nam a22001337a 4500
005
20250918160201.0
008
mnk,.lm,/
050
_a
PA3000
_b
WOR
100
_a
WORDSWORTH WILLIAM
245
_a
SELECTED POEMS
260
_a
LONDON
_b
EVERYMAN PUBLISHERS PLC
_c
1994
300
_a
ivii, 523p
942
_2
lcc
_c
BK
_n
0
999
_c
7593
_d
7593